| 000 | 00752nam a2200265Ia 4500 | ||
|---|---|---|---|
| 003 | OSt | ||
| 005 | 20221005051829.0 | ||
| 006 | a|||||r|||| 00| 0 | ||
| 007 | ta | ||
| 008 | 221004b |||||||| |||| 00| 0 eng d | ||
| 024 | _a64529 | ||
| 037 | _cTextual | ||
| 040 |
_aCRL _cCRL _beng |
||
| 041 |
_2eng _aeng |
||
| 082 | _aV1:7.C, M6 | ||
| 100 | _aRenfrew Colin Ed. | ||
| 245 | 0 | _aPeer polity interaction and socio-political change | |
| 260 |
_aLondon _bCambridge University _c1986 |
||
| 300 |
_a179p. _ccm. |
||
| 490 | _aNew directionsin archaeology, 1986. | ||
| 650 | _aHISTORY | ||
| 700 |
_a Cherry John F Ed. _918009 |
||
| 942 |
_hV1:7.C, M6 _cTEXL _2cc |
||
| 999 |
_c959419 _d959419 |
||